| 000 | 00000nam##2200000za#4500 |
| 001 | 9.615797 |
| 003 | CaOODSP |
| 005 | 20210615101308 |
| 007 | ta |
| 008 | 150406|2001||||xxc||||| f|0| 0 eng|d |
| 020 | |a0-662-31195-7 |
| 040 | |aCaOODSP|beng |
| 043 | |an-cn--- |
| 086 | 1 |aNH18-22/101-119E |
| 110 | 2 |aCanada Mortgage and Housing Corporation. |
| 245 | 14|aThe BREEAM Green Leaf environmental assessment protocol for multi-residential buildings |
| 260 | |aOttawa - Ontario : |bCanada Mortgage and Housing Corporation |c2001. |
| 300 | |a6p. : |bgraphs ; |c28 cm. |
| 490 | 1 |aResearch highlight. Technical series |v01-119 |
| 563 | |aPamphlet |
| 590 | |a01-42|b2001-10-19 |
| 690 | 07|aEnvironmental impact assessment|2gcpds |
| 690 | 07|aHousing|2gcpds |
| 775 | 08|tLe protocole d'évaluation environnementale BREEAM Green Leaf pour les immeubles collectifs |w(CaOODSP)9.625813 |
| 776 | 0#|tThe BREEAM Green Leaf environmental assessment protocol for multi-residential buildings |w(CaOODSP)9.572296 |
| 830 | #0|aResearch highlight. Technical series ;|v01-119|w(CaOODSP)9.514826 |
| 986 | |aNHA 60975 |